[Event "FRA Team Ch"]
[Site "Mulhouse"]
[Date "2001.03.30"]
[Round "5.9"]
[White "Mourot, Clara"]
[Black "Sebag, Marie"]
[Result "0-1"]
[WhiteElo "1900"]
[BlackElo "2298"]
[Annotator "Nancy - Clichy"]
[PlyCount "44"]
[EventDate "2001.03.??"]

1. d4 Nf6 2. c4 c6 3. Nc3 d5 4. Nf3 a6 5. cxd5 cxd5 6. Bf4 Nc6 7. e3 Bg4 8. Bd3
e6 9. a3 Rc8 10. O-O h6 11. Rc1 Bd6 12. Bxd6 Qxd6 13. b4 O-O 14. Na4 e5 15.
dxe5 Nxe5 16. Be2 Rxc1 17. Qxc1 Rc8 18. Qb2 Nxf3+ 19. gxf3 Bh3 20. Rc1 Rxc1+
21. Qxc1 Ne4 22. Bf1 Qg6+ 0-1

[Event "FRA Team Ch"]
[Site "Bordeaux"]
[Date "2001.03.30"]
[Round "5.1"]
[White "Nisipeanu, Liviu-Dieter"]
[Black "Adams, Michael"]
[Result "1/2-1/2"]
[WhiteElo "2596"]
[BlackElo "2746"]
[Annotator "Montpellier - Monaco"]
[PlyCount "29"]
[EventDate "2001.??.??"]

1. e4 e5 2. Nf3 Nf6 3. Nxe5 d6 4. Nf3 Nxe4 5. c4 Nc6 6. Nc3 Nxc3 7. dxc3 Bf5 8.
Bf4 Qd7 9. Be2 Be7 10. Qd2 O-O 11. O-O-O Rfe8 12. h3 a5 13. Bd3 Bf6 14. Rhe1 b6
15. g4 {=} 1/2-1/2

[Event "FRA Team Ch"]
[Site "Bordeaux"]
[Date "2001.03.30"]
[Round "5.2"]
[White "Piket, Jeroen"]
[Black "Prie, Eric"]
[Result "1-0"]
[WhiteElo "2632"]
[BlackElo "2490"]
[Annotator "Monaco - Montpellier"]
[PlyCount "61"]
[EventDate "2001.??.??"]

1. d4 d5 2. c4 c6 3. Nf3 Nf6 4. Nc3 a6 5. c5 Nbd7 6. Bf4 Nh5 7. e3 Nxf4 8. exf4
g6 9. Bd3 Bh6 10. g3 Nf8 11. h3 Ne6 12. Na4 Qa5+ 13. Kf1 Rb8 14. a3 Qc7 15. Nb6
O-O 16. Qd2 f6 17. Re1 Nxf4 18. gxf4 e5 19. dxe5 fxe5 20. Nxe5 Rxf4 21. Qe2 Bf8
22. b4 a5 23. Qe3 Bh6 24. Qg3 Rf8 25. Nxc8 Rbxc8 26. Rg1 Bf4 27. Qg4 Bxe5 28.
Qe6+ Rf7 29. Rxe5 Kh8 30. Bxg6 Rg7 31. Qxc8+ 1-0

[Event "FRA Team Ch"]
[Site "Bordeaux"]
[Date "2001.03.30"]
[Round "5.3"]
[White "Fressinet, Laurent"]
[Black "Andersson, Ulf"]
[Result "1-0"]
[WhiteElo "2581"]
[BlackElo "2640"]
[Annotator "Montpellier - Monaco"]
[PlyCount "67"]
[EventDate "2001.??.??"]

1. e4 c5 2. Nf3 e6 3. d4 cxd4 4. Nxd4 Nc6 5. Nc3 a6 6. Be3 Nf6 7. Bd3 d5 8.
exd5 exd5 9. Qd2 Bd6 10. h3 O-O 11. O-O-O Be6 12. g4 Bb4 13. a3 Bxc3 14. Qxc3
Rc8 15. Nxc6 Rxc6 16. Qd4 Nd7 17. Kb1 Qb6 18. Bxh7+ Kh8 19. Bd3 Qxd4 20. Bxd4
Nc5 21. Be2 f6 22. Rhe1 Bf7 23. Bxc5 Rxc5 24. Bd3 Rc7 25. h4 Kg8 26. f4 Rd8 27.
Rd2 Kf8 28. Rde2 Re8 29. Kc1 Rd8 30. h5 d4 31. Kd2 b5 32. Rh2 Re7 33. Rxe7 Kxe7
34. g5 1-0

[Event "FRA Team Ch"]
[Site "Bordeaux"]
[Date "2001.03.30"]
[Round "5.4"]
[White "Kosten, Anthony C"]
[Black "Flear, Glenn C"]
[Result "1/2-1/2"]
[WhiteElo "2519"]
[BlackElo "2476"]
[Annotator "Monaco - Montpellier"]
[PlyCount "88"]
[EventDate "2001.??.??"]

1. c4 e6 2. Nf3 d5 3. g3 Nf6 4. Bg2 Be7 5. b3 O-O 6. Bb2 c5 7. O-O Nc6 8. e3 d4
9. exd4 cxd4 10. Re1 Ne8 11. d3 f6 12. Na3 e5 13. Nc2 Nc7 14. Qd2 a5 15. a3 Rb8
16. b4 axb4 17. axb4 b5 18. Nh4 Bb7 19. cxb5 Nxb5 20. f4 Nc3 21. Nf5 Bxb4 22.
Bxc6 Bxc6 23. Nxb4 Rxb4 24. Bxc3 dxc3 25. Qxc3 Qb6+ 26. d4 Bb7 27. Ne7+ Kf7 28.
fxe5 Qxd4+ 29. Qxd4 Rxd4 30. exf6 gxf6 31. Re3 Rd2 32. Rf1 Ra8 33. Nf5 Raa2 34.
Nh4 Rxh2 35. Ref3 f5 36. R1f2 Raxf2 37. Rxf2 Rxf2 38. Kxf2 Kf6 39. Nf3 Bc6 40.
Nd4 Be4 41. Ke3 Kg5 42. Ne6+ Kg4 43. Kf2 h5 44. Nc5 44... Ba8 {=} 1/2-1/2

[Event "FRA Team Ch"]
[Site "Bordeaux"]
[Date "2001.03.30"]
[Round "5.5"]
[White "Hamdouchi, Hichem"]
[Black "Relange, Eloi"]
[Result "1-0"]
[WhiteElo "2535"]
[BlackElo "2484"]
[Annotator "Montpellier - Monaco"]
[PlyCount "129"]
[EventDate "2001.??.??"]

1. e4 c5 2. Nf3 d6 3. c3 Nf6 4. h3 g6 5. Bd3 Bg7 6. O-O Nc6 7. Bc2 e5 8. d4
cxd4 9. cxd4 exd4 10. Nxd4 O-O 11. Nc3 d5 12. Nxc6 bxc6 13. Bg5 Qa5 14. Bxf6
Bxf6 15. Qf3 Bxc3 16. bxc3 Be6 17. Rfe1 dxe4 18. Bxe4 Bd5 19. Bxd5 Qxd5 20. Qf6
Rae8 21. Red1 Qe6 22. Qd4 a5 23. Qc5 Qe5 24. Qxc6 Rc8 25. Rd5 Qg7 26. Qb5 Qxc3
27. Rad1 Rfe8 28. Qxa5 Qxa5 29. Rxa5 Rc2 30. Ra4 Ree2 31. Rf4 Red2 32. Rb1 Rb2
33. Rc1 Rbc2 34. Re1 Re2 35. Rxe2 Rxe2 36. a3 Ra2 37. Rf3 h5 38. h4 Kg7 39. Re3
f6 40. f4 g5 41. fxg5 fxg5 42. hxg5 Kg6 43. Rg3 h4 44. Rb3 Kxg5 45. Kh2 Kf5 46.
Kh3 Kg5 47. Rb5+ Kf6 48. Ra5 Kg6 49. Ra8 Kg5 50. Ra4 Kf5 51. Ra7 Kg5 52. Ra8
Kf6 53. Ra4 Kf5 54. Ra8 Kg5 55. Ra5+ Kg6 56. a4 Kf6 57. Ra8 Kf5 58. Rf8+ Ke5
59. a5 Rxa5 60. Kxh4 Ke6 61. g4 Ke7 62. Rf4 Ra8 63. Kh5 Rh8+ 64. Kg6 Rh4 65.
Rf7+ 1-0

[Event "FRA Team Ch"]
[Site "Bordeaux"]
[Date "2001.03.30"]
[Round "5.6"]
[White "Marciano, David"]
[Black "Touzane, Olivier"]
[Result "1-0"]
[WhiteElo "2506"]
[BlackElo "2388"]
[Annotator "Monaco - Montpellier"]
[PlyCount "97"]
[EventDate "2001.??.??"]

1. e4 c6 2. Nc3 g6 3. d4 Bg7 4. Nf3 d6 5. Be3 Nf6 6. Qd2 b5 7. Bd3 Qa5 8. Bh6
O-O 9. Bxg7 Kxg7 10. e5 dxe5 11. dxe5 Nfd7 12. e6 b4 13. Ne4 fxe6 14. a3 c5 15.
h4 Nc6 16. h5 bxa3 17. c3 c4 18. hxg6 h5 19. Rxa3 Qd5 20. Bc2 Nf6 21. Nxf6 exf6
22. Qxd5 exd5 23. Rxh5 f5 24. Nh4 Rb8 25. Ra2 d4 26. cxd4 Be6 27. Nxf5+ Kf6 28.
Ra6 Nb4 29. g7 Rfe8 30. Rh6+ Kg5 31. Rhxe6 Nxc2+ 32. Kd2 Rxe6 33. Rxe6 Kxf5 34.
Re5+ Kf6 35. Kxc2 Rg8 36. g4 Rxg7 37. f3 Rd7 38. Kc3 Rb7 39. Rf5+ Ke7 40. g5
Rb3+ 41. Kxc4 Rxb2 42. f4 Rg2 43. Ra5 Rg4 44. Rxa7+ Ke8 45. Kd5 Rxf4 46. g6 Kf8
47. Rf7+ Rxf7 48. gxf7 Kxf7 49. Kd6 1-0

[Event "FRA Team Ch"]
[Site "Bordeaux"]
[Date "2001.03.30"]
[Round "5.8"]
[White "Miralles, Gilles"]
[Black "Letreguilly, Olivier"]
[Result "0-1"]
[WhiteElo "2473"]
[BlackElo "2301"]
[Annotator "Monaco - Montpellier"]
[PlyCount "100"]
[EventDate "2001.??.??"]

1. e4 e6 2. d4 d5 3. Nd2 Nf6 4. e5 Nfd7 5. Bd3 c5 6. c3 b6 7. Qa4 a5 8. Ngf3
Ba6 9. Bxa6 Nxa6 10. c4 dxc4 11. Nxc4 Qc7 12. O-O Nb4 13. Rd1 cxd4 14. Nd6+
Bxd6 15. exd6 Qc2 16. Qxc2 Nxc2 17. Rb1 e5 18. Rd2 Rc8 19. Nxe5 Nxe5 20. Re2 f6
21. f4 d3 22. Rd2 Nc4 23. Rxd3 Kd7 24. a3 Rhe8 25. Kf2 Re6 26. Rg3 Rce8 27.
Rxg7+ Kxd6 28. f5 Re2+ 29. Kg3 N4e3 30. Kh3 Nd4 31. b4 Ndxf5 32. Rxh7 a4 33. g4
Ne7 34. Rh6 N7d5 35. g5 Nf5 36. Rh5 fxg5 37. Bxg5 Rf2 38. Rd1 Ree2 39. Kg4 Re4+
40. Kh3 Ree2 41. Kg4 Ke5 42. Rxd5+ Kxd5 43. Bf4 Rxf4+ 44. Kxf4 Rf2+ 45. Kg4 Ke4
46. Rh8 Rg2+ 47. Kh3 Kf3 48. Rh5 Ne3 49. Rb5 Rg6 50. Rh5 Ng2 0-1

[Event "FRA Team Ch"]
[Site "Bordeaux"]
[Date "2001.03.30"]
[Round "5.9"]
[White "Flear, Christine"]
[Black "Te-Lallemand, Roza"]
[Result "1/2-1/2"]
[WhiteElo "2189"]
[BlackElo "2291"]
[Annotator "Montpellier - Monaco"]
[PlyCount "45"]
[EventDate "2001.??.??"]

1. d4 Nf6 2. c4 g6 3. g3 Bg7 4. Bg2 O-O 5. Nc3 d6 6. Nf3 Nbd7 7. O-O e5 8. e4
exd4 9. Nxd4 Re8 10. h3 Nc5 11. Re1 a5 12. b3 Bd7 13. Bf4 h6 14. g4 h5 15. f3
hxg4 16. hxg4 Nh7 17. Qd2 Qf6 18. Be3 c6 19. Nde2 Rad8 20. Rad1 Bc8 21. Nd4 Qh4
22. Qf2 Qe7 23. Qd2 {=} 1/2-1/2

[Event "FRA Team Ch"]
[Site "Bordeaux"]
[Date "2001.03.30"]
[Round "5.2"]
[White "Chatalbashev, Boris"]
[Black "Spraggett, Kevin"]
[Result "1-0"]
[WhiteElo "2509"]
[BlackElo "2526"]
[Annotator "Nice - Bordeaux"]
[PlyCount "59"]
[EventDate "2001.??.??"]

1. d4 Nf6 2. c4 e6 3. Nf3 Bb4+ 4. Nbd2 O-O 5. a3 Be7 6. e4 d5 7. e5 Nfd7 8. b4
a5 9. b5 c5 10. Bb2 b6 11. cxd5 exd5 12. Bd3 Re8 13. O-O Nf8 14. Rc1 Nbd7 15.
Re1 Bb7 16. Nf1 Ne6 17. Ne3 Ndf8 18. Nf5 Qd7 19. a4 c4 20. Nxe7+ Qxe7 21. Bb1
g6 22. Rc3 f5 23. exf6 Qxf6 24. Ne5 Ng5 25. Rg3 Rac8 26. h4 Ne4 27. Bxe4 dxe4
28. d5 Qd6 29. Ng4 Nd7 30. Qd4 1-0

[Event "FRA Team Ch"]
[Site "Bordeaux"]
[Date "2001.03.30"]
[Round "5.3"]
[White "Seret, Jean-Luc"]
[Black "Dorfman, Josif"]
[Result "0-1"]
[WhiteElo "2358"]
[BlackElo "2602"]
[Annotator "Bordeaux - Nice"]
[PlyCount "70"]
[EventDate "2001.??.??"]

1. e4 c5 2. Nc3 Nc6 3. g3 g6 4. Bg2 Bg7 5. d3 d6 6. f4 e5 7. Nh3 Nge7 8. O-O
exf4 9. Nxf4 O-O 10. Be3 b5 11. Ncd5 Nxd5 12. Nxd5 Be6 13. Nf4 Bd7 14. c3 Ne5
15. Kh1 Bc6 16. Bg1 Rb8 17. d4 Nd7 18. dxc5 Nxc5 19. Bd4 Be5 20. Nd5 Bxd5 21.
exd5 Bxd4 22. cxd4 Na4 23. Qd2 Rc8 24. Rac1 Rxc1 25. Rxc1 Re8 26. h3 Qe7 27.
Qb4 Qe2 28. Qxd6 Nxb2 29. Qd7 a6 30. Rf1 Qe7 31. Qc6 Nc4 32. Qxa6 Nd6 33. Kh2
Rc8 34. Rf2 h5 35. h4 35... Rc3 {Temps} 0-1

[Event "FRA Team Ch"]
[Site "Bordeaux"]
[Date "2001.03.30"]
[Round "5.4"]
[White "Delchev, Aleksander"]
[Black "Crut, Aurelien"]
[Result "1-0"]
[WhiteElo "2592"]
[BlackElo "2303"]
[Annotator "Nice - Bordeaux"]
[PlyCount "49"]
[EventDate "2001.??.??"]

1. c4 c6 2. e4 d5 3. exd5 cxd5 4. cxd5 Nf6 5. Nc3 Nxd5 6. Nf3 Nc6 7. Bb5 Nxc3
8. bxc3 e6 9. O-O Be7 10. d4 O-O 11. Re1 Bf6 12. Bd3 b6 13. h4 Bb7 14. Ng5 g6
15. Qg4 Ne7 16. Ba3 h5 17. Qg3 Rc8 18. Nxe6 fxe6 19. Rxe6 Rf7 20. Bxe7 Rxe7 21.
Rxf6 Re1+ 22. Rxe1 Qxf6 23. Bxg6 Kh8 24. Bxh5 Rg8 25. Re8 1-0

[Event "FRA Team Ch"]
[Site "Bordeaux"]
[Date "2001.03.30"]
[Round "5.5"]
[White "Rainfray, Arnaud"]
[Black "Leski, Marc"]
[Result "1/2-1/2"]
[WhiteElo "2390"]
[BlackElo "2420"]
[Annotator "Bordeaux - Nice"]
[PlyCount "117"]
[EventDate "2001.??.??"]

1. e4 d6 2. d4 Nf6 3. Nc3 g6 4. Nf3 Bg7 5. Be2 O-O 6. O-O Bg4 7. Be3 Nc6 8. d5
Bxf3 9. Bxf3 Ne5 10. Be2 c6 11. f4 Ned7 12. Bf3 Qc7 13. Qe2 Nb6 14. dxc6 bxc6
15. Rad1 Nfd7 16. Qd3 Rfd8 17. b3 e6 18. Ne2 d5 19. Bd4 e5 20. fxe5 Nxe5 21.
Qc3 Rac8 22. exd5 Nxd5 23. Bxd5 cxd5 24. Qxc7 Rxc7 25. c3 Rcd7 26. Nf4 Ng4 27.
Rd3 Bxd4+ 28. Rxd4 Ne3 29. Rf3 Nf5 30. Rd2 d4 31. c4 Ne3 32. Nd3 Re7 33. Nb4
Re6 34. Rf4 Nf5 35. Kf2 h5 36. Nd3 a5 37. Nc5 Re5 38. Nd3 Re6 39. g3 Re3 40.
Ne1 Rc3 41. Rd3 Rc1 42. Re4 Rd6 43. Ke2 a4 44. Nf3 Ra1 45. Rd2 d3+ 46. Kf2 axb3
47. axb3 Rc1 48. b4 g5 49. c5 Rf6 50. Kg2 Rc2 51. h3 Kf8 52. Rf2 g4 53. hxg4
hxg4 54. Nd2 Nxg3 55. Kxg3 Rxf2 56. Kxf2 Rxd2+ 57. Ke1 Re2+ 58. Rxe2 dxe2 59.
Kxe2 1/2-1/2

[Event "FRA Team Ch"]
[Site "Bordeaux"]
[Date "2001.03.30"]
[Round "5.6"]
[White "Sharif, Mershad"]
[Black "Garrido, Denis"]
[Result "1-0"]
[WhiteElo "2481"]
[BlackElo "2247"]
[Annotator "Nice - Bordeaux"]
[PlyCount "61"]
[EventDate "2001.??.??"]

1. d4 Nf6 2. Nf3 c5 3. d5 g6 4. Nc3 d6 5. e4 Bg7 6. Bb5+ Bd7 7. a4 O-O 8. h3
Na6 9. O-O Nc7 10. Bd3 a6 11. a5 e6 12. dxe6 Nxe6 13. e5 dxe5 14. Nxe5 Be8 15.
Nc4 Qc7 16. Be3 Bc6 17. Qc1 Rfe8 18. Re1 Rad8 19. Bg5 Nxg5 20. Qxg5 Rxe1+ 21.
Rxe1 Re8 22. Rxe8+ Bxe8 23. Nd5 Nxd5 24. Qxd5 Bf8 25. c3 Bc6 26. Qe5 Qd8 27.
Be2 h5 28. Qf4 Bd5 29. Qd2 Be7 30. Nb6 Bc6 31. Qe3 {temps} 1-0

[Event "FRA Team Ch"]
[Site "Bordeaux"]
[Date "2001.03.30"]
[Round "5.7"]
[White "Pujos, Stephane"]
[Black "Brochet, Philippe"]
[Result "1/2-1/2"]
[WhiteElo "2269"]
[BlackElo "2369"]
[Annotator "Bordeaux - Nice"]
[PlyCount "101"]
[EventDate "2001.??.??"]

1. e4 c5 2. Nf3 e6 3. c3 d5 4. exd5 exd5 5. d4 Nc6 6. Bb5 Bd6 7. dxc5 Bxc5 8.
O-O Nge7 9. Nbd2 O-O 10. Nb3 Bb6 11. Re1 Bg4 12. Be3 Bc7 13. h3 Bh5 14. Be2 Re8
15. Nbd4 Nxd4 16. Nxd4 Bxe2 17. Rxe2 Qd6 18. g3 Qd7 19. Kg2 Nf5 20. Nxf5 Qxf5
21. Rd2 Rad8 22. Qg4 Qe4+ 23. Qxe4 dxe4 24. Rad1 b6 25. Rxd8 Rxd8 26. Rxd8+
Bxd8 27. f3 exf3+ 28. Kxf3 f5 29. g4 fxg4+ 30. hxg4 Kf7 31. a4 Ke6 32. Ke4 Bf6
33. Bc1 h6 34. c4 Be7 35. b3 Bf8 36. Bd2 g6 37. b4 h5 38. gxh5 gxh5 39. Be1 Be7
40. Kf4 h4 41. Bc3 Bf6 42. Bd2 Be7 43. Bc3 h3 44. Kg3 Kf5 45. Kxh3 Ke4 46. c5
bxc5 47. bxc5 Bxc5 48. Kg4 Kd3 49. Be1 Kc4 50. Kf3 Bb4 51. Bxb4 1/2-1/2

[Event "FRA Team Ch"]
[Site "Bordeaux"]
[Date "2001.03.30"]
[Round "5.8"]
[White "Caposciutti, Maurizio"]
[Black "Cousigne, Frederic"]
[Result "1-0"]
[WhiteElo "2355"]
[BlackElo "2203"]
[Annotator "Nice - Bordeaux"]
[PlyCount "63"]
[EventDate "2001.??.??"]

1. Nf3 Nf6 2. c4 e6 3. g3 d5 4. b3 c5 5. Bg2 Nc6 6. O-O Be7 7. cxd5 exd5 8. d4
O-O 9. Bb2 Re8 10. Nc3 Bg4 11. dxc5 Bxc5 12. Rc1 a6 13. Nxd5 Bxf2+ 14. Rxf2
Nxd5 15. Ne5 Ne3 16. Qxd8 Rexd8 17. Bxc6 bxc6 18. Rxf7 Rd2 19. Bc3 Rxe2 20. Rf2
Nd1 21. Rxe2 Bxe2 22. Bd4 Rd8 23. Rxc6 h5 24. Rc2 Rxd4 25. Rxe2 Nc3 26. Rc2 Re4
27. Nf3 Ne2+ 28. Kf2 Nd4 29. Rc4 Re2+ 30. Kf1 Nxf3 31. Kxe2 Ne5 32. Rc5 1-0

[Event "FRA Team Ch"]
[Site "Bordeaux"]
[Date "2001.03.30"]
[Round "5.9"]
[White "Feuvrier, Stephanie"]
[Black "Bonnafous, Nathalie"]
[Result "1-0"]
[WhiteElo "2048"]
[BlackElo "2071"]
[Annotator "Bordeaux - Nice"]
[PlyCount "79"]
[EventDate "2001.??.??"]

1. e4 g6 2. d4 Bg7 3. Nc3 d6 4. Be3 a6 5. Qd2 b5 6. Bd3 Nf6 7. Bh6 O-O 8. f3
Nbd7 9. h4 c5 10. h5 c4 11. Be2 b4 12. Nd1 c3 13. Qe3 Bxh6 14. Qxh6 cxb2 15.
Nxb2 Qc7 16. Qd2 Nxh5 17. Bd3 e5 18. Ne2 exd4 19. Qxb4 Rb8 20. Qxd4 Qa5+ 21.
Kf2 Qc5 22. Nc4 d5 23. Qxc5 Nxc5 24. Nd6 dxe4 25. Nxe4 Nxd3+ 26. cxd3 f5 27.
Nc5 f4 28. Rab1 Bf5 29. Nd4 Ng3 30. Rhd1 a5 31. Nxf5 Nxf5 32. Ne6 Rxb1 33. Rxb1
Rc8 34. Rb2 Ne3 35. Rd2 Nd5 36. d4 Rc3 37. Nc5 Ra3 38. Nd3 Kg7 39. Nc1 Kf6 40.
Rb2 {Temps} 1-0

[Event "FRA Team Ch"]
[Site "Bordeaux"]
[Date "2001.03.30"]
[Round "5.1"]
[White "Vaisser, Anatoly"]
[Black "Tkachiev, Vladislav"]
[Result "1/2-1/2"]
[WhiteElo "2540"]
[BlackElo "2672"]
[Annotator "Auxerre - Cannes"]
[PlyCount "29"]
[EventDate "2001.??.??"]

1. d4 d5 2. c4 c6 3. Nc3 Nf6 4. cxd5 cxd5 5. Bf4 Nc6 6. e3 a6 7. Bd3 Bg4 8.
Nge2 e6 9. Rc1 Rc8 10. O-O Be7 11. Qb3 Na5 12. Qa4+ Nc6 13. Qb3 Na5 14. Qa4+
Nc6 15. Qb3 1/2-1/2

[Event "FRA Team Ch"]
[Site "Bordeaux"]
[Date "2001.03.30"]
[Round "5.3"]
[White "Pira, Davoud"]
[Black "Kazhgaleyev, Murtas"]
[Result "0-1"]
[WhiteElo "2449"]
[BlackElo "2571"]
[Annotator "Auxerre - Cannes"]
[PlyCount "68"]
[EventDate "2001.??.??"]

1. d4 Nf6 2. Nf3 g6 3. g3 Bg7 4. Bg2 d5 5. O-O c6 6. b3 O-O 7. Bb2 a5 8. a4 Na6
9. Ne5 Ng4 10. Nd2 Nxe5 11. dxe5 Qc7 12. f4 Rd8 13. Rc1 b5 14. axb5 cxb5 15.
Kh1 Rb8 16. Bd4 Nb4 17. c3 Nc6 18. Bg1 Bf5 19. e4 dxe4 20. Qe2 Be6 21. Bxe4 a4
22. b4 a3 23. Rfd1 a2 24. Qg2 Rbc8 25. Ra1 Bh6 26. Qe2 Nxe5 27. fxe5 Qxc3 28.
Nf3 Rxd1 29. Qxd1 Qxb4 30. Qd4 Qxd4 31. Bxd4 b4 32. Bb2 b3 33. Ne1 Rc4 34. Bd3
Bc1 0-1

[Event "FRA Team Ch"]
[Site "Bordeaux"]
[Date "2001.03.30"]
[Round "5.4"]
[White "Chabanon, Jean-Luc"]
[Black "Solozhenkin, Evgeniy"]
[Result "1/2-1/2"]
[WhiteElo "2461"]
[BlackElo "2506"]
[Annotator "Cannes - Auxerre"]
[PlyCount "137"]
[EventDate "2001.??.??"]

1. e4 e5 2. Nf3 Nc6 3. Nc3 Nf6 4. Bb5 Bb4 5. d3 d6 6. O-O Bxc3 7. bxc3 O-O 8.
Qe1 Nh5 9. d4 Qf6 10. Bg5 Qg6 11. Bd2 Re8 12. Bd3 Bg4 13. Nh4 Qf6 14. f3 Bd7
15. d5 Ne7 16. g3 b5 17. Qf2 c6 18. dxc6 18... Bxc6 {=} 19. Rab1 a6 20. a4 bxa4
21. c4 Qe6 22. Ng2 Reb8 23. Rxb8+ Rxb8 24. Qa7 Ra8 25. Qb6 Nf6 26. Bb4 Qd7 27.
Ba3 a5 28. Rb1 Nc8 29. Qf2 Qc7 30. Ne3 Rb8 31. Ra1 g6 32. g4 Qb6 33. Nd5 Qxf2+
34. Kxf2 Kg7 35. Nxf6 Kxf6 36. h4 Ke6 37. g5 Nb6 38. c5 dxc5 39. Bxc5 Kd7 40.
Rd1 Kc7 41. Ba6 Nc8 42. Bc4 Rb2 43. Rd2 Be8 44. Ba3 Rb1 45. Rd5 Nb6 46. Rc5+
Kb7 47. Bd3 Ra1 48. Bb2 Rb1 49. Bxe5 Nd7 50. Rxa5 Nxe5 51. Rxe5 Bc6 52. Ra5 Kb6
53. Ra6+ Kc5 54. Ke3 Rh1 55. Ra7 Rxh4 56. Rxf7 Rh5 57. Kd2 Rxg5 58. Rxh7 Kd4
59. c3+ Kc5 60. Rh2 Rg1 61. Kc2 Rg3 62. Be2 g5 63. Kb2 g4 64. fxg4 Bxe4 65. Bd1
a3+ 66. Kxa3 Rxc3+ 67. Kb2 Rg3 68. Rh4 Kd4 69. Rh2 1/2-1/2

[Event "FRA Team Ch"]
[Site "Bordeaux"]
[Date "2001.03.30"]
[Round "5.6"]
[White "Gallagher, Joseph"]
[Black "Boudre, Jean-Pierre"]
[Result "1-0"]
[WhiteElo "2519"]
[BlackElo "2355"]
[Annotator "Cannes - Auxerre"]
[PlyCount "69"]
[EventDate "2001.??.??"]

1. e4 e5 2. Nf3 Nc6 3. Nc3 Nf6 4. Bb5 Bd6 5. O-O O-O 6. d3 h6 7. Ne2 Re8 8. Ng3
Bf8 9. c4 d6 10. h3 Bd7 11. Re1 g6 12. Bd2 Bg7 13. Bc3 Re7 14. Ba4 Qb8 15. Bc2
a5 16. a3 Be8 17. b4 b5 18. cxb5 Qxb5 19. a4 Qb7 20. bxa5 Nxa5 21. d4 exd4 22.
Nxd4 Nc4 23. Rb1 Qa7 24. Bb3 Qc5 25. Rc1 Na5 26. Ndf5 gxf5 27. Bxf6 Qxc1 28.
Qxc1 Nxb3 29. Qc3 Bxf6 30. Qxf6 Re6 31. Qc3 Nc5 32. Nxf5 Rg6 33. Ne7+ Kh7 34.
Nxg6 fxg6 35. a5 1-0

[Event "FRA Team Ch"]
[Site "Bordeaux"]
[Date "2001.03.30"]
[Round "5.7"]
[White "Bellon Lopez, Juan Manuel"]
[Black "Anic, Darko"]
[Result "1/2-1/2"]
[WhiteElo "2430"]
[BlackElo "2469"]
[Annotator "Auxerre - Cannes"]
[PlyCount "104"]
[EventDate "2001.??.??"]

1. c4 c6 2. Nf3 Nf6 3. d4 d6 4. Nc3 Nbd7 5. e4 e5 6. Qc2 Be7 7. Be2 O-O 8. O-O
Re8 9. Rd1 Bf8 10. Be3 g6 11. Rac1 exd4 12. Nxd4 h6 13. Nb3 Qe7 14. f3 Nc5 15.
Bf4 Nxb3 16. axb3 Rd8 17. Rd3 g5 18. Be3 Nd7 19. Rcd1 Ne5 20. R3d2 Be6 21. Bf1
Qf6 22. Ne2 Ng6 23. Bd4 Ne5 24. Qc3 c5 25. Be3 Be7 26. Ng3 Qg6 27. b4 Nc6 28.
bxc5 dxc5 29. Rxd8+ Rxd8 30. Rxd8+ Nxd8 31. Qa5 Qf6 32. Qc7 Bf8 33. Bxc5 Bxc5+
34. Qxc5 Qxb2 35. Qxa7 Nc6 36. Qe3 Ne5 37. c5 Qc2 38. h4 f6 39. hxg5 hxg5 40.
Qa3 Kf7 41. Qb4 Kg6 42. Qb6 Bd7 43. Qd6 Qc1 44. Qd4 Bb5 45. Qd5 Bc4 46. Qxb7
Bxf1 47. Nxf1 Qxc5+ 48. Kh1 Qf2 49. Qb5 g4 50. fxg4 Nxg4 51. Qf5+ Qxf5 52.
exf5+ Kxf5 1/2-1/2

[Event "FRA Team Ch"]
[Site "Bordeaux"]
[Date "2001.03.30"]
[Round "5.8"]
[White "Fontaine, Robert"]
[Black "Chevrier, Thomas"]
[Result "1-0"]
[WhiteElo "2451"]
[BlackElo "2158"]
[Annotator "Cannes - Auxerre"]
[PlyCount "93"]
[EventDate "2001.??.??"]

1. e4 e6 2. d4 d5 3. Nc3 Nf6 4. Bg5 Bb4 5. e5 h6 6. Be3 Ne4 7. Qg4 Kf8 8. a3
Ba5 9. Nge2 c5 10. dxc5 Nc6 11. b4 Nxc3 12. Nxc3 Nxe5 13. Qd1 Bc7 14. Be2 Nc6
15. Nb5 Be5 16. c3 a6 17. Nd4 g6 18. Qd2 Kg7 19. f4 Bf6 20. Nf3 Kh7 21. O-O Bg7
22. Rad1 Bd7 23. Qc2 Ne7 24. g4 Qe8 25. Rde1 Ba4 26. Qd2 Bb5 27. Ne5 Bxe2 28.
Rxe2 Nc6 29. Nf3 Na7 30. f5 Nb5 31. Bd4 Bxd4+ 32. cxd4 Nxa3 33. fxg6+ fxg6 34.
Ne5 Nc4 35. Nxc4 dxc4 36. Rf6 Qd7 37. Rexe6 Rhg8 38. d5 Raf8 39. g5 Rxf6 40.
gxf6 Re8 41. Qe3 Rxe6 42. dxe6 Qd1+ 43. Kf2 Qc2+ 44. Kg3 h5 45. e7 h4+ 46. Kh3
Qf5+ 47. Kxh4 1-0

[Event "FRA Team Ch"]
[Site "Bordeaux"]
[Date "2001.03.30"]
[Round "5.9"]
[White "Nicoara, Malina"]
[Black "Leconte, Maria"]
[Result "0-1"]
[WhiteElo "2258"]
[BlackElo "2258"]
[Annotator "Auxerre - Cannes"]
[PlyCount "73"]
[EventDate "2001.??.??"]

1. d4 d5 2. c4 e6 3. Nc3 c5 4. cxd5 exd5 5. Nf3 Nc6 6. g3 Nf6 7. Bg2 Be7 8. O-O
O-O 9. b3 Bg4 10. Bb2 cxd4 11. Nxd4 Qd7 12. Re1 Rac8 13. a3 Rfe8 14. Rc1 Bh3
15. Nxc6 bxc6 16. Bf3 Bg4 17. Bg2 d4 18. Na4 c5 19. Qd2 Qb5 20. Qd3 Qxd3 21.
exd3 Bd7 22. Rc2 Be6 23. Rxe6 fxe6 24. Bh3 Kf7 25. Re2 Bd6 26. b4 cxb4 27. axb4
Bxb4 28. Bxd4 Rc7 29. Be5 Rc1+ 30. Kg2 g5 31. g4 Rec8 32. Nb2 R8c2 33. Rxc2
Rxc2 34. Nc4 a5 35. Ne3 Rd2 36. Kf3 a4 37. Bg2 0-1

[Event "FRA Team Ch"]
[Site "Bordeaux"]
[Date "2001.03.30"]
[Round "5.1"]
[White "Legky, Nikolay A"]
[Black "Magem Badals, Jordi"]
[Result "1-0"]
[WhiteElo "2477"]
[BlackElo "2506"]
[Annotator "Drancy - Orange"]
[PlyCount "107"]
[EventDate "2001.??.??"]

1. d4 d5 2. c4 dxc4 3. Nf3 Nf6 4. e3 e6 5. Bxc4 c5 6. O-O a6 7. a4 Nc6 8. Nc3
Qc7 9. d5 exd5 10. Nxd5 Nxd5 11. Qxd5 Be6 12. Qe4 Qe7 13. Bd2 Bxc4 14. Qxc4 f6
15. Rfc1 Qf7 16. Qe4+ Qe7 17. Qf4 Rd8 18. a5 Qd6 19. Qc4 Qd5 20. Qxd5 Rxd5 21.
e4 Rd3 22. Be3 Rb3 23. Bxc5 Rxb2 24. Nd4 Nxd4 25. Bxd4 Rb4 26. Rc8+ Kf7 27. Rd1
Rg8 28. Rc7+ Kg6 29. Be3 Rxe4 30. Rd8 Ra4 31. g3 Rxa5 32. Rxb7 Rb5 33. Ra7 a5
34. Kg2 h5 35. Raa8 Kf7 36. Bf4 Rb6 37. Bc7 Rb2 38. Bf4 a4 39. Ra7+ Kg6 40.
Rxa4 Rb7 41. Raa8 Kf7 42. Bd6 Bxd6 43. Rxg8 Kg6 44. Rad8 Be7 45. Rd5 f5 46. Ra8
h4 47. Ra6+ Bf6 48. Raa5 hxg3 49. hxg3 f4 50. g4 Rb4 51. Ra6 Kh7 52. Rh5+ Kg6
53. Rha5 Kh7 54. Ra4 1-0

[Event "FRA Team Ch"]
[Site "Bordeaux"]
[Date "2001.03.30"]
[Round "5.2"]
[White "Narciso Dublan, Marc"]
[Black "Komarov, Dimitri"]
[Result "1/2-1/2"]
[WhiteElo "2529"]
[BlackElo "2540"]
[Annotator "Orange - Drancy"]
[PlyCount "38"]
[EventDate "2001.??.??"]

1. d4 Nf6 2. c4 e6 3. Nc3 Bb4 4. Qc2 O-O 5. a3 Bxc3+ 6. Qxc3 b6 7. Nf3 Bb7 8.
Bg5 d6 9. Nd2 Nbd7 10. f3 d5 11. cxd5 exd5 12. e3 Re8 13. Bb5 c6 14. Bd3 h6 15.
Bxf6 Qxf6 16. O-O Re7 17. f4 c5 18. Nf3 cxd4 19. Qxd4 Nc5 1/2-1/2

[Event "FRA Team Ch"]
[Site "Bordeaux"]
[Date "2001.03.30"]
[Round "5.3"]
[White "Godard, Maxence"]
[Black "Lepelletier, Benoit"]
[Result "1/2-1/2"]
[WhiteElo "2377"]
[BlackElo "2467"]
[Annotator "Drancy - Orange"]
[PlyCount "84"]
[EventDate "2001.??.??"]

1. e4 c5 2. Nf3 e6 3. Nc3 a6 4. d4 cxd4 5. Nxd4 Qc7 6. Bd3 Nf6 7. O-O Nc6 8.
Be3 Ne5 9. h3 d6 10. f4 Nxd3 11. cxd3 Be7 12. Rc1 Qb8 13. f5 e5 14. Nc2 b5 15.
Nb4 Bb7 16. Qb3 O-O 17. Ncd5 Nxd5 18. Nxd5 Bd8 19. Kh1 a5 20. f6 Bxd5 21. Qxd5
Bxf6 22. Rc6 b4 23. Rfc1 Qb7 24. Qc4 Qd7 25. b3 Qe6 26. Qxe6 fxe6 27. Rxd6 Rfc8
28. Rc4 Rd8 29. Rxd8+ Rxd8 30. Kg1 Rxd3 31. Kf2 Rd6 32. Ke2 Bd8 33. Rc2 Kf7 34.
Rd2 Rxd2+ 35. Kxd2 Ke8 36. Kd3 Kd7 37. Kc4 Kc6 38. Bc5 g6 39. Bf8 Bf6 40. Bh6
Kb6 41. g4 Kc6 42. Be3 Be7 1/2-1/2